| 000 | 00457nam a2200157Ia 4500 | ||
|---|---|---|---|
| 999 |
_c22642 _d22642 |
||
| 003 | OSt | ||
| 005 | 20200319150447.0 | ||
| 008 | 190216s9999||||xx |||||||||||||| ||und|| | ||
| 040 | _coclc | ||
| 082 |
_a956 _bSAL/T |
||
| 100 |
_aSali, P Muhammad _91835 |
||
| 245 | 0 |
_aThurkey Rajiya Charithram / _c P Muhammad Sali |
|
| 260 |
_bAbujabir Publishers, _aTrivandrum: _c1988. |
||
| 300 | _a375p | ||
| 942 |
_cBK _2ddc _h956 _iSAL/T _k956 _mSAL/T |
||